000 00436nam a2200193Ia 4500
005 20250603144909.0
008 250603s9999 xx 000 0 und d
020 _a9781501316821
050 _aNK 1520 .K67/
100 _aKopec, Dak
245 0 _aEnvironmental Psychology for Design
250 _a3rd ed.
260 _aLondon
260 _bBloomsbury
260 _c2023
300 _a538 p
650 _aLondon
942 _cBK
999 _c40274
_d40274